000 00915nmc a2200325 a 4500
003 AR-BaBNM
005 20251128210503.0
008 090020s1999 ||||||||||||||000 | spa||
020 _a950-753-028-2
040 _cAR-BaBNM
245 1 0 _aEl relato policial inglés
260 _aBuenos Aires
_bCántaro Editores
_c1999
300 _a158 p.
_bil.
490 0 _aColección Del Mirador
_vv. 125
500 _aContiene referencias bibliográficas
650 4 _aLITERATURA INGLESA
650 4 _aANTOLOGIAS
650 4 _aESCRITORES
650 4 _aLITERATURA CONTEMPORANEA
650 4 _aACTIVIDADES DE APRENDIZAJE
650 4 _aANALISIS LITERARIO
653 _aNARRATIVA
653 _aCUENTO POLICIAL
653 _aENSENANZA DE LA LITERATURA
655 _aLITERATURA
700 1 _aGroppo, Marcela
_ecompilador
800 1 _aMarsimian de Agosti, Silvina
_edirector
942 _cBK
998 _cMARTIN
999 _c15649
_d15649